000 00633cam a2200217u 4500
001 9590
003 BD-RjUL
005 20211208234813.0
008 140121s1961 nyu 001 0 eng
035 _a(BD-RjUL)9635
040 _aDLC
_cCarP
_dDLC
_dBD-RjUL
_beng
041 _aeng
082 _a621.4838
_bATO 1961
_223
245 1 0 _aAtomic energy waste /
_cedited by E. Glueckauf,
260 _aNew York :
_bInterscience Publishers,
_c1961.
300 _a420 p. :
_bill. ;
_c24 cm.
504 _aIncludes Bibliography and index.
650 0 _aRadioactive waste disposal.
_9212835
700 _aGlueckauf, E.
_9212836
942 _2ddc
_cBK
999 _c9590
_d9590